000 00362nam a2200145Ia 4500
008 191201s2004 xx 000 0 und d
082 _a677
_bBHT
100 _aBHATNAGAR, Parul
245 0 _aTraditional Indian Costumes & Textiles
250 _a1st
260 _aN.Delhi
_bAbhishek Publications
_c2004
300 _a97
650 _aB.Tech(TE)
942 _2ddc
_cBK
999 _c2256
_d2256